Tiga Hati /

Bibliographic Details
Main Author: Maslina Ngadiman
Format: Book
Published: Selangor: PTS, 2011.
Subjects:
LEADER 00473cam a2200181 7i4500
001 0000016406
005 20151104090000.0
005 ##20151104120100.0
003 ##MY-KlINT
020 # # |a 9789675783258  
039 # 9 |y 201511041201  |z VLOAD 
090 0 0 |a F 899.2333   |b MAS 
100 1 # |a Maslina Ngadiman 
245 1 0 |a Tiga Hati /   |c Maslina Ngadiman. 
260 # # |a Selangor:   |b PTS,   |c 2011. 
300 # # |a 343ms;   |c 19cm. 
650 # 0 |a Malay fiction  
999 |a 1501069940  |b BOOK  |c Main Fiction  |e INTAN BK